000 00507cam a2200145u 4500
082 _a621.313
_bHOP
_cL-10, P-31.
100 1 _aHopkins, Ronald Edwin. [from old catalog]
_941393
245 1 0 _aInduction motor practice;
_cR.E. Hopkins.
260 _aLondon,
_bSir I. Pitman & sons, ltd.,
_c1932.
300 _avii, 367 p.
_bincl. illus., tables, diagrs., forms.
_c22 cm.
526 _a0
_b0
_c0
_d621_313000000000000_HOP
650 0 _aElectric motors, Induction.
_941394
650 0 _aMCE
_9379
942 _2ddc
_cBK
999 _c545511
_d545511